000 00630cam a2200205 4500500
005 20260405002926.0
041 _afre
042 _adc
100 1 0 _aEltchaninoff, Michel
_eauthor
245 0 0 _aCamille Laurens/Pierre Zaoui. J’y pense et puis je m’oublie
260 _c2019.
500 _a69
690 _aCamille Laurens
690 _aIdentité
690 _aPierre Zaoui
690 _aSoi
690 _aSoi-même
786 0 _nPhilosophie magazine | 131 | 7 | 2019-07-01 | p. 29-30 | 1951-1787
856 4 1 _uhttps://shs.cairn.info/magazine-philosophie-magazine-2019-7-page-29?lang=fr&redirect-ssocas=7080
999 _c2062570
_d2062571